书目信息 |
| 题名: |
大学物理实验
|
|
| 作者: | 秦艳芬 , 冯唐福 , 杨建 , 章国荣 编 | |
| 分册: | ||
| 出版信息: | 杭州 浙江大学出版社 2019.11 |
|
| 页数: | 240页 | |
| 开本: | 26cm | |
| 丛书名: | ||
| 单 册: | ||
| 中图分类: | O4-33 | |
| 科图分类: | ||
| 主题词: | 物理学--wu li xue--实验--高等学校--教材 | |
| 电子资源: | ||
| ISBN: | 978-7-308-19718-2 | |
| 000 | 01195nam0 2200301 450 | |
| 001 | 2065546819 | |
| 005 | 20201105181233.30 | |
| 010 | @a978-7-308-19718-2@dCNY38.00 | |
| 100 | @a20200414d2019 em y0chiy50 ea | |
| 101 | 0 | @achi |
| 102 | @aCN@b330000 | |
| 105 | @aak a 000yy | |
| 200 | 1 | @a大学物理实验@Ada xue wu li shi yan@d= College physics experiment@f秦艳芬 ... [等] 编@zeng |
| 210 | @a杭州@c浙江大学出版社@d2019.11 | |
| 215 | @a240页@c图@d26cm | |
| 304 | @a题名页题其余责任者: 冯唐福, 杨建, 章国荣 | |
| 320 | @a有书目 | |
| 330 | @a本书共5章, 第一、二章介绍了与大学物理实验有关的实验误差和第二章数据处理知识 ; 第三章是各类实验的预备知识及其常用仪器设备的使用方法 ; 第四章是基本实验, 编排了20个涵盖了“力、热、声、光、电”5类实验 ; 第五章编排了26个综合设计性实验 (含近代物理实验)。 | |
| 333 | @a浙江省普通高校“十三五”新形态教材 | |
| 510 | 1 | @aCollege physics experiment@zeng |
| 606 | 0 | @a物理学@Awu li xue@x实验@x高等学校@j教材 |
| 690 | @aO4-33@v5 | |
| 701 | 0 | @a秦艳芬@Aqin yan fen@4编 |
| 701 | 0 | @a冯唐福@Afeng tang fu@4编 |
| 701 | 0 | @a杨建@Ayang jian@4编 |
| 701 | 0 | @a章国荣@Azhang guo rong@4编 |
| 801 | 0 | @aCN@b人天书店@c20201002 |
| 905 | @aZUCC@dO4-33@eQ451 | |
| 大学物理实验= College physics experiment/秦艳芬 ... [等] 编.-杭州:浙江大学出版社,2019.11 |
| 240页:图;26cm |
| 使用对象:浙江省普通高校“十三五”新形态教材 |
| ISBN 978-7-308-19718-2:CNY38.00 |
| 本书共5章, 第一、二章介绍了与大学物理实验有关的实验误差和第二章数据处理知识 ; 第三章是各类实验的预备知识及其常用仪器设备的使用方法 ; 第四章是基本实验, 编排了20个涵盖了“力、热、声、光、电”5类实验 ; 第五章编排了26个综合设计性实验 (含近代物理实验)。 |
| ● |
| 相关链接 |
|
|
|
正题名:大学物理实验
索取号:O4-33/Q451
 
预约/预借
| 序号 | 登录号 | 条形码 | 馆藏地/架位号 | 状态 | 备注 |
| 1 | 1480116 | 214801160 | 自科库401/401自科库 85排1列3层/ [索取号:O4-33/Q451] | 在馆 | |
| 2 | 1480117 | 214801179 | 自科库401/401自科库 85排1列3层/ [索取号:O4-33/Q451] | 在馆 |